Điều chế than hoạt tính gáo dừa để điều chế xúc tác oxy hóa pha lỏng xử lý dư lượng thuốc trừ sâu : Báo cáo tổng kết đề tài nghiên cứu khoa học của sinh viên

Nội dung đề tài tìm hiểu chất thải thuốc trừ sâu từ quá trình sản xuất nông nghiệp và một số BVTV tại thành phố Cần Thơ; Nghiên cứu khả năng xử lý thuốc trừ sâu thông qua quá trình oxy hóa pha lõng với xúc tác từ gáo dừa ở các điề...

Cur síos iomlán

Đã lưu trong:
Sonraí Bibleagrafaíochta
Príomhúdar: Lâm, Bách Tùng
Formáid: Leabhar
Teanga:Undetermined
Foilsithe: Cần Thơ Trường Đại học Cần Thơ 2014
Ábhair:
Clibeanna: Cuir Clib Leis
Gan Chlibeanna, Bí ar an gcéad duine leis an taifead seo a chlibeáil!
Thư viện lưu trữ: Trung tâm Học liệu Trường Đại học Cần Thơ
LEADER 01498nam a2200217Ia 4500
001 CTU_198203
008 210402s9999 xx 000 0 und d
082 |a 632.95 
082 |b T513 
088 |a TSV2014-02 
100 |a Lâm, Bách Tùng 
245 0 |a Điều chế than hoạt tính gáo dừa để điều chế xúc tác oxy hóa pha lỏng xử lý dư lượng thuốc trừ sâu : 
245 0 |b Báo cáo tổng kết đề tài nghiên cứu khoa học của sinh viên 
245 0 |c Lâm Bách Tùng (Chủ nhiệm đề tài) ; Đặng Văn Sang, Trần Sỹ Nguyên (Cán bộ phối hợp nghiên cứu) ; Đoàn Văn Hồng Thiện (Người hướng dẫn) 
260 |a Cần Thơ 
260 |b Trường Đại học Cần Thơ 
260 |c 2014 
520 |a Nội dung đề tài tìm hiểu chất thải thuốc trừ sâu từ quá trình sản xuất nông nghiệp và một số BVTV tại thành phố Cần Thơ; Nghiên cứu khả năng xử lý thuốc trừ sâu thông qua quá trình oxy hóa pha lõng với xúc tác từ gáo dừa ở các điều kiện khác nhau, thời gian và lượng xúc tác. 
650 |a Pesticides,Chemical industry,Thuốc trừ sâu,Công nghệ hóa học 
904 |i Tuyến 
980 |a Trung tâm Học liệu Trường Đại học Cần Thơ